| 000 | 00595nam a2200193 i 4500 | ||
|---|---|---|---|
| 001 | 145895 | ||
| 003 | ES-MaACL | ||
| 005 | 20250930063124.0 | ||
| 007 | t| | ||
| 008 | 071017s1961 sp ||||1| spa d | ||
| 100 | 0 |
_aGarcilaso de la Vega, _d1501-1536 _955471 |
|
| 245 | 1 | 0 |
_aPoesía / _cGarcilaso de la Vega ; edición, prólogo y notas por José Manuel Blecua. |
| 250 | _a7ª ed. ilustrada. | ||
| 260 |
_aZaragoza : _bEbro, _c[1961] |
||
| 300 |
_a125 p. ; _c18 cm. |
||
| 700 | 0 |
_aBlecua, José Manuel. _929459 |
|
| 852 |
_aES-MaACL _jC-20222 _bR.48156 |
||
| 999 |
_c145895 _d145895 |
||